Karta zastave Europe - Pronađite pogreške - Statistics

General Stats
  • This quiz has been taken 1 207 times
  • The average score is 4 of 8
Answers on the Map
Answers color-coded by a green-red scale on the quiz's map according to % correct below.
 
Answer Stats
Zemlje % Correct
Švedska
80%
Portugal
78%
Švicarska
65%
Ujedinjeno Kraljevstvo
50%
Poljska
46%
Grčka
40%
San Marino
39%
Ukrajina
36%
No matching quizzes found
Score Distribution
Percent of People with Each Score
Percentile by Number Answered
Your Score History
You have not taken this quiz